| 000 | 00886nam a2200241 a 4500 | ||
|---|---|---|---|
| 001 | BRL_1899 | ||
| 005 | 20190320211426.0 | ||
| 008 | 130815s19uu----mx-#######---#100-0#spa-# | ||
| 041 | _aspa | ||
| 044 | _amx | ||
| 050 | 4 |
_aE111 _b.C37 1900 |
|
| 245 | 1 | 0 |
_aCartas de relación de la conquista de América _btextos originales de las cartas de Colón, Cortés, Alvarado, Godoy, Ulloa, Alvar Núñez y Valdivia _crevisados y anotados por el Dr. Julio Le Riverend. |
| 260 |
_aMéxico _bEditorial Nueva España _c[19--] |
||
| 300 |
_a2v. _c18 cm. |
||
| 440 | 0 |
_aColección Atenea _928186 |
|
| 500 | _av.1 Au1923, v.1 ej.2 Au1918 v.2 Au1924 | ||
| 500 | _aLa biblioteca cuenta con dos ejemplares del volumen 1. | ||
| 651 | 4 |
_aAmérica _xDescubrimiento y exploración _9584 |
|
| 651 | 4 |
_aAmérica _xHistoria _92377 |
|
| 700 | 1 |
_aLe Riverend, Julio _928187 |
|
| 902 | _aGRL | ||
| 942 |
_2lcc _cB |
||
| 999 |
_c10707 _d10707 |
||